=LDR 00000nam 2200000 4500 =001 INLIS000000000047000 =005 20150625124932.0 =006 =007 =008 =035 ##$$0010-061500000000089 =082 ##$$a 028.5 =090 ##$$a 028.5 kee a,3 =100 ##$$a keen achroni =245 ##$$a anak kreatif =260 ##$$abuku kita =300 ##$$a hln. 24 =850 ##$$a NPBMAT =990 ##$$a 2090100751/BPAP-NTB/2015